| 000 | 00606nam a2200193Ia 4500 | ||
|---|---|---|---|
| 003 | GCL | ||
| 008 | 140319s9999 xx 000 0 ara d | ||
| 040 |
_aGCL / _cGCL |
||
| 082 | 0 | 4 |
_a301.6 _bع ا |
| 100 | 1 | _aعبدالهادى ابوطالب | |
| 245 | 1 | 0 |
_aاصول علم الاجتماع السياسى / _cعبدالهادى ابوطالب |
| 700 | 1 | _aعبدالهادى الجوهرى | |
| 300 | _a310 | ||
| 490 |
_aكتاب _v0 |
||
| 650 | 0 | 4 | _aالنظم السياسية |
| 650 | 0 | 4 | _aالحركات الاجتماعية |
| 650 | 0 | 4 | _aعلم الاجتماع السياسى |
| 942 |
_2ddc _cBK |
||
| 999 |
_c41229 _d41229 |
||